| 000 | 00883nac a22002291u 4500 | ||
|---|---|---|---|
| 008 | 091208t1996 pau|||||d|||| 000 0 eng d | ||
| 010 | _a 98050604 | ||
| 020 | _a072165573 | ||
| 082 | 0 | 0 |
_a618.92 _bBEH _222 |
| 100 |
_aBehrman, Richard E. _99731 |
||
| 245 | 0 | 0 |
_aNelson Review of Pediatrics / _cRichard E. Behrman, R Kliegman Ann M. Arvin |
| 246 | 3 | 0 | _aTextbook of pediatrics |
| 260 |
_aPhiladelphia : _bW.B. Saunders Co., _c1996 |
||
| 300 |
_a215 p. : _bill. ; _c21 cm. |
||
| 500 | _aDonated by: Bibliotheca Alexandrina. | ||
| 650 | 0 |
_aPediatrics. _99732 |
|
| 700 | 1 |
_aBehrman, Richard E., _d1931- _99733 |
|
| 700 | 1 |
_aKliegman, Robert. _99734 |
|
| 700 | 1 |
_aJenson, Hal B. _99735 |
|
| 942 |
_cBB _k618.92 BEH _2ddc |
||
| 999 |
_c3627 _d3627 |
||